AS-Level: Business studies: the revision guide: Exam Board: AQA (Record no. 3149)

MARC details
005 - DATE AND TIME OF LATEST TRANSACTION
control field 20250604140124.0
020 ## - INTERNATIONAL STANDARD BOOK NUMBER
International Standard Book Number 1-84146-966-1
082 ## - DEWEY DECIMAL CLASSIFICATION NUMBER
Classification number LECT 658 CGP
111 ## - MAIN ENTRY--MEETING NAME
Meeting name or jurisdiction name as entry element CGP
245 ## - TITLE STATEMENT
Title AS-Level: Business studies: the revision guide: Exam Board: AQA
260 ## - PUBLICATION, DISTRIBUTION, ETC.
Place of publication, distribution, etc. Newcastle,
Name of publisher, distributor, etc. Coordination group Publications Ltd,
Date of publication, distribution, etc. 2004.
300 ## - PHYSICAL DESCRIPTION
Extent 94p.: ill.; chart, figure, graph, picture, table.
Other physical details Index,
Dimensions 30cm.
856 ## - ELECTRONIC LOCATION AND ACCESS
Link text Access online book
Electronic name AS-Level: Business studies: the revision guide: Exam Board: AQA
Path www.cgpbooks.co.uk
942 ## - ADDED ENTRY ELEMENTS (KOHA)
Source of classification or shelving scheme Dewey Decimal Classification
Koha item type Books
Holdings
Date last seen Total checkouts Full call number Barcode Cost, replacement price Price effective from Koha item type Lost status Source of classification or shelving scheme Damaged status Not for loan Withdrawn status Home library Current library Shelving location Date acquired Cost, normal purchase price
06/04/2025   LECT 658 CGP 00000011047 77931.00 06/04/2025 Books   Dewey Decimal Classification       College of Business Education Main Library College of Business Education Main Library General Collection 11/01/2006 25977.00
06/04/2025   LECT 658 CGP 00000011048 77931.00 06/04/2025 Books   Dewey Decimal Classification       College of Business Education Main Library College of Business Education Main Library General Collection 11/01/2006 25977.00
06/04/2025   LECT 658 CGP 00000011049 77931.00 06/04/2025 Books   Dewey Decimal Classification       College of Business Education Main Library College of Business Education Main Library General Collection 11/01/2006 25977.00
06/04/2025   LECT 658 CGP 00000011050 77931.00 06/04/2025 Books   Dewey Decimal Classification       College of Business Education Main Library College of Business Education Main Library General Collection 11/01/2006 25977.00